000
00290nam a22001337a 4500
008
170804b xxu||||| |||| 00| 0 eng d
020
_a
9780538744829
041
_a
eng
080
_a
004
100
_a
33
101
_a
SHKI
245
_a
COMPUTER CONCEPTS
_c
PARSONS
942
_2
udc
_c
BK
999
_c
22677
_d
22677